[Event "11th LCC FIDE Open 2019"]
[Site "London"]
[Date "2019.11.30"]
[Round "3.52"]
[White "Paterek, Michal"]
[Black "Voiculescu-Holvad, Stefan"]
[Result "1-0"]
[WhiteElo "2317"]
[BlackElo "1614"]
[Annotator "TA"]
[PlyCount "95"]
[EventDate "2019.11.29"]
[EventType "swiss"]
[EventCountry "ENG"]
[SourceTitle "playchess.com"]
[Source "ChessBase"]
[SourceQuality "1"]

{[%evp 16,95,75,24,77,0,39,35,50,57,60,56,76,75,79,79,102,84,100,90,96,95,104,104,108,103,107,100,118,103,137,112,122,82,90,57,84,0,0,-48,-34,-125,-132,-134,-113,-250,-223,-222,-73,-393,-450,-436,-426,-308,0,-252,-212,-317,0,-18,-37,-300,0,-325,235,235,236,233,348,287,567,547,536,487,505,389,385,168,136,0,29987,29988]} 1. d4 Nf6 2. c4 d6 3. Nf3 g6 4. Nc3 Bg7 5. e4 O-O 6. Be2 e5 7. Be3 Nbd7 8. O-O c6 9. Re1 ({White should try} 9. d5 $16) 9... Qc7 {E95: King's Indian: Classical: 7...Nbd7 8 Re1} (9... exd4 $11 {remains equal.} 10. Nxd4 (10. Bxd4 Qe7 $11) 10... Nc5) (9... Re8 10. dxe5 dxe5 11. Nd2 Qe7 12. a3 Nc5 13. b4 Ne6 14. c5 Rd8 15. Bf1 Nd4 16. Qb1 Be6 17. Nc4 {0-1 (50) Pashikian,A (2663)-Markus,R (2608) Novi Sad 2009}) 10. Bf1 (10. d5 $16) 10... Re8 11. d5 Ng4 $146 {White is slightly better.} ({Predecessor:} 11... a6 12. Nd2 Nb6 13. Be2 Bd7 14. Rb1 Rac8 15. dxc6 Qxc6 16. b3 Be6 17. Nd5 Nbd7 18. b4 b5 19. cxb5 axb5 {½-½ (34) Gavrileteanu,L-Beltran Oliver,J IECG email 2001}) 12. Bg5 h6 13. Bd2 Rf8 14. h3 Ngf6 15. b4 Ne8 16. Qc2 Qd8 17. Bd3 $36 {[%mdl 2048] Black is under strong pressure.} c5 18. a3 {[%cal Ba2a3,Ba3a4,Ba4a5][%mdl 32]} a5 19. bxa5 Rxa5 20. Reb1 Ra6 21. Rb3 Nb6 22. a4 f5 23. a5 Na8 24. Qc1 f4 25. Na4 g5 26. Rab1 (26. Qd1 $16) 26... h5 $11 27. Kf1 g4 28. hxg4 (28. Ng1 $15) 28... hxg4 $17 29. Ng1 Qh4 $1 30. Bc2 (30. f3 $17) 30... Qh1 $19 {White must now prevent ...f3.} 31. f3 g3 (31... Nf6 $19 {Hoping for ...Nh5.} 32. Qd1 Rf7) 32. Nb6 $2 {[%mdl 8192]} (32. Rxb7 $17 {is tougher.} Bxb7 33. Rxb7) 32... Nxb6 33. Rxb6 Rxb6 34. Rxb6 Qh2 $2 (34... Rf6 $1 $19 {[%cal Rf6h6] And now ...Rh6 would win.} 35. Bc3 Rh6) 35. Ba4 $2 {[%mdl 8192]} (35. Qb2 $11) 35... Nf6 $1 {[%cal Rf6e4]} 36. Qe1 {[#]} (36. Bd1 {was called for.} Qh1 37. Qa3) 36... Rd8 $2 {[#]} (36... Nxe4 $1 $19 {[%mdl 512]} 37. Qxe4 Bf5) 37. a6 $1 $11 {[%mdl 512]} bxa6 38. Ba5 $2 {[%mdl 8192] [#]} (38. Qe2 $15) 38... Rf8 $2 ({Better is} 38... Ng4 $1 $19 {[%cal Rg4e3][%mdl 512] Strongly threatening ...Ne3+.} 39. Rb3 (39. fxg4 $2 Bxg4 40. Bd1 Bxd1 $19) 39... Rf8) 39. Rxd6 $2 {[%mdl 8192] [#]} (39. Bd1 $11 {and White stays safe.}) 39... Qh1 $4 {[%mdl 8192] [#]} (39... Ng4 $1 $19 {[%cal Rg4e3][%mdl 512] avoids the disaster.} 40. fxg4 Bxg4) 40. Rd8 $1 $18 Rxd8 41. Bxd8 Nh5 (41... Qh6 {keeps fighting.} 42. Qb1 Nd7 43. Bxd7 Bxd7) 42. Be7 Bf8 $2 (42... Nf6 43. Bxc5 Bd7) 43. Bxf8 Kxf8 44. Qa5 Bh3 45. Qd8+ Kg7 46. Qg5+ (46. gxh3 Qh2 $16) (46. Qc7+ $142 Kh6 47. gxh3) 46... Kf8 47. Qh6+ (47. gxh3 $16 {Threatening mate with Qd8+.} Qh2 48. Qd8+ Kg7 49. Qe7+ {[%mdl 64] Double Attack} (49. Qg5+ Kf8 $16) 49... Kh6 50. Qxc5) 47... Ke7 $2 {[%mdl 8192]} (47... Kg8 $11 48. Qg5+ (48. gxh3 Qh2 $16) 48... Ng7 49. Qd8+ (49. gxh3 Qh2 $11) 49... Kf7 50. Qc7+ (50. gxh3 Qh2 $16) 50... Kg6 51. Qb6+ (51. gxh3 Qh2 $16) 51... Kf7) 48. d6+ {Accuracy: White = 42%, Black = 42%.} 1-0

[Event "11th LCC FIDE Open 2019"]
[Site "London"]
[Date "2019.11.30"]
[Round "3.53"]
[White "Zymberi, Astrit"]
[Black "Lovell, William Pm"]
[Result "1/2-1/2"]
[WhiteElo "2148"]
[BlackElo "1843"]
[Annotator "ChessBase"]
[PlyCount "74"]
[EventDate "2019.11.29"]
[EventType "swiss"]
[EventCountry "ENG"]
[SourceTitle "playchess.com"]
[Source "ChessBase"]
[SourceQuality "1"]
[TimeControl "40/5400+30:1800+30"]

1. d4 {[%emt 0:12:47]} d5 {[%emt 0:00:05]} 2. c4 {[%emt 0:00:09]} dxc4 {[%emt 0:00:05]} 3. e4 {[%emt 0:00:49]} e5 {[%emt 0:00:05]} 4. Nf3 {[%emt 0:00:18]} Bb4+ {[%emt 0:00:12]} 5. Nc3 {[%emt 0:02:39]} exd4 {[%emt 0:00:40]} 6. Nxd4 {[%emt 0:00:51]} Bxc3+ {[%emt 0:02:42]} 7. bxc3 {[%emt 0:00:08]} Qe7 {[%emt 0:07:55]} 8. f3 {[%emt 0:02:26]} Nf6 {[%emt 0:02:41]} 9. Bxc4 {[%emt 0:02:19]} O-O {[%emt 0:00:36]} 10. Qb3 {[%emt 0:04:39]} c5 {[%emt 0:04:28]} 11. Qa3 {[%emt 0:13:35]} Nxe4 {[%emt 0:07:55]} 12. O-O {[%emt 0:04:12]} Nxc3 {[%emt 0:13:48]} 13. Bd2 {[%emt 0:09:06]} Qe5 {[%emt 0:01:57]} 14. Nb3 {[%emt 0:06:53]} Ne2+ {[%emt 0:03:13]} 15. Kh1 {[%emt 0:06:29]} Nf4 {[%emt 0:02:58]} 16. Rfe1 {[%emt 0:04:07]} Qf6 {[%emt 0:02:10]} 17. Nxc5 {[%emt 0:04:29]} Nc6 {[%emt 0:21:34]} 18. Ne4 {[%emt 0:06:39]} Qd4 {[%emt 0:06:44]} 19. Bb3 {[%emt 0:08:03]} Nd3 {[%emt 0:06:49]} 20. Be3 {[%emt 0:05:10]} Qb4 {[%emt 0:01:02]} 21. Bxf7+ {[%emt 0:01:16]} Rxf7 {[%emt 0:01:00]} 22. Qxd3 {[%emt 0:00:11]} Bf5 {[%emt 0:01:28]} 23. Bd2 {[%emt 0:01:57]} Bxe4 {[%emt 0:01:04]} 24. Rxe4 {[%emt 0:00:45]} Qb6 {[%emt 0:01:14]} 25. Rae1 {[%emt 0:00:59]} Qd8 {[%emt 0:02:08]} 26. Qc4 {[%emt 0:02:14]} Qd7 {[%emt 0:01:51]} 27. Bc3 {[%emt 0:01:48]} Kh8 {[%emt 0:01:34]} 28. Qe2 {[%emt 0:01:25]} Rff8 {[%emt 0:01:04]} 29. Qb2 {[%emt 0:01:14]} Rad8 {[%emt 0:01:25]} 30. h4 {[%emt 0:03:50]} Rf7 {[%emt 0:02:03]} 31. h5 {[%emt 0:01:05]} h6 {[%emt 0:00:01]} 32. Re6 {[%emt 0:01:29]} Kh7 {[%emt 0:00:38]} 33. Rg6 {[%emt 0:00:31]} Qd5 {[%emt 0:01:11]} 34. Rxg7+ {[%emt 0:01:03]} Rxg7 {[%emt 0:00:01]} 35. Bxg7 Qxh5+ {[%emt 0:00:15]} 36. Kg1 {[%emt 0:00:03]} Qc5+ {[%emt 0:00:08]} 37. Kf1 {[%emt 0:02:11]} Qc4+ {[%emt 0:00:52]} 1/2-1/2

[Event "11th LCC FIDE Open 2019"]
[Site "London"]
[Date "2019.11.30"]
[Round "3.54"]
[White "Mugalu, Hassan"]
[Black "Rushbrooke, Remy"]
[Result "1-0"]
[WhiteElo "1836"]
[BlackElo "2053"]
[Annotator "NA RC"]
[PlyCount "117"]
[EventDate "2019.11.29"]
[EventType "swiss"]
[EventCountry "ENG"]
[SourceTitle "playchess.com"]
[Source "ChessBase"]
[SourceQuality "1"]
[TimeControl "40/5400+30:1800+30"]

1. d4 {[%emt 3:33:52]} Nf6 {[%emt 0:00:10]} 2. Nf3 {[%emt 0:00:46]} e6 {[%emt 0:00:13]} 3. Bf4 {[%emt 0:00:35]} c5 {[%emt 0:00:19]} 4. c3 {[%emt 0:00:33]} b6 {[%emt 0:00:08]} 5. e3 {[%emt 0:00:51]} Bb7 {[%emt 0:00:04]} 6. Nbd2 {[%emt 0:00:42]} Be7 {[%emt 0:00:07]} 7. Bd3 {[%emt 0:02:01]} O-O {[%emt 0:00:08]} 8. Rc1 {[%emt 0:00:43] A47: 1 d4 Nf6 2 Nf3 b6: Torre, London and Colle Systems} (8. Qe2 Nc6 9. a3 Rc8 10. e4 d6 11. O-O Qc7 12. h3 e5 13. dxe5 Nxe5 14. Nxe5 dxe5 15. Bh2 Rcd8 {1-0 (29) Radjabov,T (2784)-Tomashevsky,E (2738) Moscow 2012}) 8... cxd4 {[%emt 0:00:29]} 9. cxd4 {[%emt 0:01:09]} d6 {[%emt 0:02:13]} 10. Bb1 {[%emt 0:01:34]} Nh5 $146 {[%emt 0:05:17]} ({Predecessor:} 10... Nbd7 11. h3 Ba6 12. a3 Re8 13. Nc4 Qb8 14. Qa4 Bb7 15. Ncd2 {1-0 (61) Kubiniok,S (1458)-Lipus,D (1490) Karvina 2017}) 11. Qc2 {[%emt 0:07:36]} f5 {[%emt 0:00:45]} 12. Bg3 {[%emt 0:04:18]} Nd7 {[%emt 0:01:02]} 13. Qc7 {[%emt 0:01:07]} Rc8 {[%emt 0:01:40]} 14. Qxd8 {[%emt 0:02:16]} Rxc1+ {[%emt 0:00:23]} 15. Ke2 {[%emt 0:00:07]} Nxg3+ {[%emt 0:00:21]} 16. hxg3 {[%emt 0:00:28]} Bxd8 {[%emt 0:03:18]} 17. Rxc1 {[%emt 0:00:14]} e5 {[%emt 0:00:30]} 18. Ke1 {[%emt 0:04:04]} e4 {[%emt 0:08:24]} 19. Ng1 {[%emt 0:01:59]} Nf6 {[%emt 0:00:05]} 20. Ne2 {[%emt 0:01:03]} Rf7 {[%emt 0:01:25]} 21. a3 {[%emt 0:03:00]} Rc7 {[%emt 0:00:30]} 22. Rxc7 {[%emt 0:00:45]} Bxc7 {[%emt 0:00:04]} 23. Nf4 {[%emt 0:00:14]} Kf7 {[%emt 0:01:54]} 24. Ba2+ {[%emt 0:00:19]} d5 {[%emt 0:00:06]} 25. Ne2 {[%emt 0:04:05]} g5 {[%emt 0:01:23]} 26. Nc3 {[%emt 0:00:36]} Ke6 {[%emt 0:01:29]} 27. Bb3 {[%emt 0:05:31]} Ng4 {[%emt 0:04:30]} 28. Nf1 {[%emt 0:04:14]} Nf6 {[%emt 0:03:37]} 29. f3 {[%emt 0:03:38]} Ba6 {[%emt 0:11:29]} 30. f4 {[%emt 0:08:08]} Bc4 {[%emt 0:05:11]} 31. Bxc4 {[%emt 0:01:59]} dxc4 {[%emt 0:00:04]} 32. Nd2 {[%emt 0:00:27]} Nd5 {[%emt 0:01:14]} 33. Nxc4 {[%emt 0:00:31]} Nxc3 {[%emt 0:00:28]} 34. bxc3 {[%emt 0:00:22]} b5 {[%emt 0:01:09]} 35. Ne5 {[%emt 0:02:26]} Kd5 {[%emt 0:01:16]} 36. Kd2 {[%emt 0:00:59]} Bd6 {[%emt 0:08:25]} 37. Nf7 {[%emt 0:03:13]} Bxa3 {[%emt 0:02:15]} 38. Nxg5 {[%emt 0:00:46]} h6 {[%emt 0:00:42]} 39. Nf7 {[%emt 0:00:25]} Bf8 {[%emt 0:00:30]} 40. Ne5 {[%emt 0:00:31]} a5 {[%emt 0:00:07]} 41. Kc2 {[%emt 0:00:36]} a4 {[%emt 0:00:43]} 42. Kb2 {[%emt 0:02:00]} h5 {[%emt 0:03:00]} 43. Kc2 {[%emt 0:02:39]} Bd6 {[%emt 0:03:06]} 44. Nd7 {[%emt 0:01:26]} Be7 {[%emt 0:00:44]} 45. Kb2 {[%emt 0:01:14]} Kc4 {[%emt 0:02:50]} 46. Ne5+ {[%emt 0:00:46]} Kd5 {[%emt 0:00:05]} 47. Ng6 {[%emt 0:01:01]} Bd6 {[%emt 0:01:26]} 48. Nh4 {[%emt 0:01:07]} Ke6 {[%emt 0:00:33]} 49. Ng6 {[%emt 0:03:07]} Kd5 {[%emt 0:00:04]} 50. Ne5 {[%emt 0:01:13]} Be7 {[%emt 0:00:09]} 51. Kc2 {[%emt 0:01:11]} Bf8 {[%emt 0:03:18]} 52. Ng6 {[%emt 0:03:58]} Bd6 {[%emt 0:00:09]} 53. Ne5 {[%emt 0:03:07]} Ba3 {[%emt 0:02:06]} 54. Ng6 {[%emt 0:04:57]} b4 {[%emt 0:06:45]} 55. cxb4 {[%emt 0:05:14]} Bxb4 {[%emt 0:00:06]} 56. Nh4 {[%emt 0:00:21]} Kc4 {[%emt 0:01:53]} 57. Kb2 {[%emt 0:01:25]} Bf8 $11 {[%emt 0:03:43]} 58. Nxf5 {[%emt 0:00:21]} Kd3 {[%emt 0:00:24]} 59. d5 {[%emt 0:00:30]} 1-0